Normal view
MARC view
- Nafees, Muhammad
Entry Personal Name
001 - CONTROL NUMBER
- control field: 126116
003 - CONTROL NUMBER IDENTIFIER
- control field: NUST
005 - DATE AND TIME OF LATEST TRANSACTION
- control field: 20240926131314.0
008 - FIXED-LENGTH DATA ELEMENTS
- fixed length control field: 240926|| aca||aabn | a|a d
040 ## - CATALOGING SOURCE
- Original cataloging agency: NUST
- Transcribing agency: NUST
100 ## - HEADING--PERSONAL NAME
- Personal name: Nafees, Muhammad
670 ## - SOURCE DATA FOUND
- Source citation: Work cat.: (NUST): Nafees, Muhammad , Food Grading Device for Sugarcane Juice Analysis /, 2024
